| 000 | 00806nam a2200217Ia 4500 | ||
|---|---|---|---|
| 003 | GCL | ||
| 008 | 140319s9999 xx 000 0 ara d | ||
| 020 | _a6338014977 | ||
| 040 |
_aGCL / _cGCL |
||
| 082 | 0 | 4 |
_a218.3 _bم ا |
| 100 | 1 | _aمحمد عمارة | |
| 245 | 1 | 0 |
_aالاصلاح بالاسلام : _bمعالم المشروع الحضارى للامام محمد عبده / _cمحمد عمارة |
| 250 | _aالاولى | ||
| 260 |
_aالقاهرة : _bنهضة مصر للطباعة والنشر والتوزيع ، _c2006 |
||
| 300 |
_a229 ص ؛ _c16 سم |
||
| 650 | 0 | 4 | _aالاسلام والاصلاح الاجتماعى |
| 650 | 0 | 4 | _aالاسلام والاصلاح الدينى |
| 650 | 0 | 4 | _aالاصلاح الدينى |
| 650 | 0 | 4 | _aمحمد عبده (الامام) |
| 942 |
_2ddc _cBK |
||
| 999 |
_c8705 _d8705 |
||